Famous Foursomes IV Quiz Stats

 Plays Quiz Updated Oct 2, 2018

Score 0/80 Timer 10:00
2 Plays Today
% Correct
Mars
91%
Earth
90.6%
Venus
88.5%
National Football League
85.9%
Mercury
85.7%
Lion
84.9%
National Basketball Association
84.5%
French
84.2%
Tiger
83.6%
Jerry Seinfeld
83.6%
Senior
83.2%
Freshman
82.9%
Fergie
82.2%
German
81.8%
Junior
81.7%
National Hockey League
80.6%
will.i.am
78.6%
Sophomore
77.6%
Major League Baseball
76.9%
Kenny McCormick
76.1%
Celsius
75.4%
Cosmo Kramer
71.7%
Homerun
70.9%
Kelvin
69.3%
George Costanza
68.9%
Frodo Baggins
68.2%
Elaine Benes
66.6%
Eric Cartman
66.5%
Double
65.9%
Single
65.9%
Triple
65.8%
Harry Potter
64.8%
Copper
64%
Fahrenheit
63%
Carat
62.3%
Cut
62.3%
Silver
61.9%
Italian
61.3%
Samwise Gamgee
59.4%
Clarity
59.1%
% Correct
Gold
58.5%
Leopard
55.9%
Eric 'E' Murphy
55.5%
Stan Marsh
53.8%
Virginia
53.7%
Kyle Broflovski
50.7%
Papua New Guinea
49.9%
Color
48.1%
Jaguar
48%
Cedric Diggory
47.9%
Peregrin Took
45.7%
Meriadoc Brandybuck
43.3%
Viktor Krum
43%
Guinea
42.1%
Fleur Delacour
41.5%
Massachusetts
41.4%
Pennsylvania
37%
Sal 'Turtle'
34.6%
Guinea-Bissau
31.3%
Equatorial Guinea
31.3%
Ignition
26.7%
Vincent Chase
24.1%
John Tyler
23.7%
Kentucky
23.5%
Zachary Taylor
22.1%
William Henry Harrison
21.7%
Millard Fillmore
17.2%
Johnny 'Drama' Chase
16.7%
Balance Sheet
16.7%
Income Statement
14.9%
Compression
12.2%
Exhaust
12.1%
apl.de.ap
11.4%
Taboo
10.7%
Intake
10.7%
Statement of Cash Flows
10.6%
Romansh
9.1%
Statement of Stockholders’ Equity
6.1%
Rankine
3.6%
Roentgenium
1.5%

You're not logged in!

Compare scores with friends on all Sporcle quizzes.
OR
Log In

Show Comments

Extras

Top Quizzes Today


Score Distribution

Your Account Isn't Verified!

In order to create a playlist on Sporcle, you need to verify the email address you used during registration. Go to your Sporcle Settings to finish the process.

Report this User

Report this user for behavior that violates our Community Guidelines.

Details: